000 01094nam a22002657a 4500
005 20170124103204.0
010 _aB-038499
020 _c250.00
_a8185829985
035 _aB-038499
037 _bCen Lib/Ret
040 _aDPL
_bHN
082 _a636.2
_bलेन्शमु
100 _aलेन्श, मुरगन
_993265
245 _aगाय /
_cमुरगन लेन्श ; अनुवादक मो.ग. तपस्वी
246 _aGaye .
_bby murgan Lensh ; anuvadak Mo.G. Tapasvi
260 _aदिल्ली
_bज्ञान गंगा
_c2001
270 _b दिल्ली
_a205-सी, चावड़ी बाज़ार
_e110006
300 _a247पृ.
_c21सेमी(सजिल्द )
650 _aपशुपालन -- भारत
_x
_z
_993266
650 _aहरित क्रांति
_993267
650 _aLivestock breeding -- India
_993268
650 _aGreen revolution
_993269
700 _aतपस्वी, मो.ग.
_993270
942 _2ddc
_cHN
_h636.2
_mलेन्शमु
999 _c120891
_d120891